| 000 | 01032nam a2200241 a 4500 | ||
|---|---|---|---|
| 001 | ASIN1617260207 | ||
| 003 | Nust- CAS-E | ||
| 005 | 20180118181354.0 | ||
| 008 | 140214s2011 xxu eng d | ||
| 020 |
_a1617260207 _c$115.00 |
||
| 020 | _a9781617260209 | ||
| 040 | _c0 | ||
| 082 |
_a333.7 _bSCH 2011 |
||
| 100 | 1 | _aSchurr, Sam H. | |
| 245 | 1 | 0 |
_aEnergy, economic growth, and the environment / _cSam H. Schurr. |
| 260 |
_a[S.l.] : _bRFF Press, _c2011. |
||
| 300 |
_a232 p. ; _c24 cm. |
||
| 490 | 1 | _aRff energy policy set. | |
| 520 | _aAuthors with widely different perspectives consider two important social objectives: assuring future energy supplies and protecting the natural environment. Contributors include Kenneth Boulding, Glenn Seaborg, and Barry Commoner. Particularly useful to students and interested non-specialists. Originally published in 1972. | ||
| 830 | 0 | _aRff energy policy set. | |
| 856 | 4 | 0 |
_3Amazon.com _uhttp://www.amazon.com/exec/obidos/ASIN/1617260207/chopaconline-20 |
| 942 |
_2ddc _cBK |
||
| 999 |
_c355234 _d355234 |
||